000 00439nam a2200157 i 4500
001 bg
245 0 0 _aPółprzewodniki :
_bpraca zbiorowa /
_cpod red. N.
_nB. Hannaya.
260 _aWarszawa :
_bWydawnictwa Naukowo-Techniczne,
_c1964.
650 9 _aPółprzewodniki
700 1 _aHANNAY, Norman Bruce
_d(1921- )
040 _cBPK
041 1 _apol
_heng
080 _a621.315.5
942 _cKS
008 s pl f |000 0 pol
999 _c35496
_d35496
856 _uhttp://koha.tu.koszalin.pl/cgi-bin/koha/opac-detail.pl?biblionumber=35496
_yKatalog online BPK